Pokémon GO: Highest CP Ghost-type Pokémon - Statistics

General Stats
  • This quiz has been taken 64 times
    48 since last reset
  • The average score is 16 of 20
Answer Stats
Max CP Answer % Correct
3254 Gengar
100%
4902 Mega Gengar
100%
3820 Giratina (Altered)
96%
4164 Giratina (Origin)
96%
3695 Chandelure
91%
2700 Dusknoir
91%
2957 Mismagius
91%
3226 Golurk
87%
4063 Mega Banette
87%
4570 Lunala
83%
2893 Trevenant
83%
2702 Gourgeist (Average)
78%
2850 Gourgeist (Large)
78%
2976 Gourgeist (Super)
78%
3797 Hoopa (Confined)
74%
3137 Decidueye
70%
2763 Palossand
70%
2842 Houndstone
57%
3422 Skeledirge
57%
3976 Gholdengo
48%
No matching quizzes found
Score Distribution
Percent of People with Each Score
Percentile by Number Answered
Your Score History
You have not taken this quiz since the last reset